| 000 | 00445nam a22001457a 4500 | ||
|---|---|---|---|
| 020 | _a81-7169-956-1 | ||
| 082 |
_a372 _bSEN/T |
||
| 100 | _aSEN, B R | ||
| 245 | _aTEACHING SCIENCE IN CLASSROOMS | ||
| 260 |
_aDELHI _bCOMMONWEALTH PUBLISHERS _c2005 |
||
| 300 | _a262 | ||
| 520 | _aA practical methods text that prepares teachers to engage their students in rich science learning experiences | ||
| 650 |
_aPRACTICALS IN SCIENCE _zINDIA |
||
| 942 | _cBK | ||
| 999 |
_c5377 _d5377 |
||